000
00239nam a2200097Ia 4500
005
20251222114413.0
008
251222s1900||||xx |||||||||||||| ||spa||
082
_a
DVD0040/S57/2006
245
4
_a
The Fall. El sueƱo de Alexandria:
942
_c
DVD
999
_c
2126
_d
2126